Child-centred education and its critics
Saved in:
| Main Author: | |
|---|---|
| Format: | Book |
| Language: | English |
| Published: |
London :
P. Chapman Pub.,
c1994
|
| Subjects: | |
| Tags: |
Add Tag
No Tags, Be the first to tag this record!
|
MARC
| LEADER | 00000nam a2200000 i 4500 | ||
|---|---|---|---|
| 001 | 1/22180 | ||
| 008 | 980515s1994 eng d | ||
| 020 | |a 1-85396-225-2 | ||
| 035 | |l 10036494 | ||
| 035 | |a 1995 |b 2 |c Χιωτάκης | ||
| 040 | |a GR-MY-UA |b gre |e aacr | ||
| 041 | 0 | |a eng | |
| 082 | 0 | |a 371.39 |2 (20) | |
| 100 | 1 | |a Darling, John. | |
| 245 | 1 | 0 | |a Child-centred education and its critics / |c John Darling |
| 260 | |a London : |b P. Chapman Pub., |c c1994 | ||
| 300 | |a viii, 119 p.; |c 24 cm | ||
| 504 | |a Includes bibliographical references and index | ||
| 650 | 0 | 0 | |a Education |z Great Britain |x Experimental methods. |
| 650 | 0 | 0 | |a Education |z Great Britain |x Philosophy. |
| 650 | 0 | 0 | |a Individualized instruction |z Great Britain. |
| 852 | |a INST |b RHODES |e 19980515 |h 371.39 DAR |p 005400005491 |q 005400005491 |t BK |y 0 | ||
| 909 | |a Ρ |b 042298 |c 1995 | ||